[Event "GRENKE Chess Open 2018"]
[Site "Karlsruhe GER"]
[Date "2018.03.31"]
[Round "4.6"]
[White "Banusz, Tamas"]
[Black "Nasuta, Grzegorz"]
[Result "1/2-1/2"]
[WhiteTitle "GM"]
[BlackTitle "IM"]
[WhiteElo "2618"]
[BlackElo "2459"]
[WhiteFideId "722413"]
[BlackFideId "1141686"]
[EventDate "2018.03.29"]

1. c4 c5 2. Nc3 Nc6 3. g3 g6 4. Bg2 Bg7 5. d3 d6 6. f4 Nf6 7. Nf3 a6 8. O-O Rb8
9. a4 O-O 10. h3 Bd7 11. Kh2 Ne8 12. Qd2 Qa5 13. Ra3 e6 14. Qd1 Qd8 15. Be3 Nd4
16. Bd2 b5 17. axb5 axb5 18. cxb5 1/2-1/2

[Event "GRENKE Chess Open 2018"]
[Site "Karlsruhe GER"]
[Date "2018.03.31"]
[Round "4.7"]
[White "Carow, Johannes"]
[Black "Kozul, Zdenko"]
[Result "0-1"]
[WhiteTitle "IM"]
[BlackTitle "GM"]
[WhiteElo "2437"]
[BlackElo "2617"]
[WhiteFideId "24692050"]
[BlackFideId "14502879"]
[EventDate "2018.03.29"]

1. d4 Nf6 2. c4 g6 3. Nc3 Bg7 4. e4 d6 5. f3 O-O 6. Be3 e5 7. Nge2 Nbd7 8. Qd2
a6 9. d5 h5 10. Nc1 Nh7 11. Nd3 f5 12. O-O-O Ndf6 13. Kb1 fxe4 14. Nxe4 Nxe4 15.
fxe4 Bf6 16. g3 Bg5 17. h4 Bxe3 18. Qxe3 Bg4 19. Be2 Bxe2 20. Qxe2 Qd7 21. Rdf1
Rxf1+ 22. Rxf1 Qh3 23. Rf3 Rf8 24. Rxf8+ Kxf8 25. Qf3+ Kg7 26. c5 Nf6 27. cxd6
cxd6 28. a3 Qh2 29. Kc1 Qg1+ 30. Kc2 Ng4 31. Kb3 Qd4 32. Kc2 Qc4+ 33. Kd2 a5 34.
Qe2 Nf6 35. Nf2 Qb3 36. Nd3 Ng4 37. Qd1 Qb6 38. Qa4 Qe3+ 39. Kc2 Qe2+ 40. Kc3
Nf6 41. Qxa5 Nxe4+ 0-1

[Event "GRENKE Chess Open 2018"]
[Site "Karlsruhe GER"]
[Date "2018.03.31"]
[Round "4.8"]
[White "Bindrich, Falko"]
[Black "Xu, Xianliang"]
[Result "1/2-1/2"]
[WhiteTitle "GM"]
[BlackTitle "FM"]
[WhiteElo "2602"]
[BlackElo "2424"]
[WhiteFideId "4676670"]
[BlackFideId "4603230"]
[EventDate "2018.03.29"]

1. Nf3 d5 2. c4 d4 3. g3 Nc6 4. d3 e5 5. Bg2 Nf6 6. O-O Bd6 7. b4 Nxb4 8. Bg5 h6
9. Bxf6 Qxf6 10. Nbd2 Qe7 11. Ne4 O-O 12. Nfd2 f5 13. Nxd6 Qxd6 14. c5 Qxc5 15.
Qb3+ Kh8 16. Rfc1 Qe7 17. Rab1 c5 18. a3 Na6 19. Qb5 1/2-1/2

[Event "GRENKE Chess Open 2018"]
[Site "Karlsruhe GER"]
[Date "2018.03.31"]
[Round "4.9"]
[White "Bernadskiy, Vitaliy"]
[Black "Skawinski, Arkadiusz"]
[Result "1-0"]
[WhiteTitle "GM"]
[BlackTitle "FM"]
[WhiteElo "2588"]
[BlackElo "2423"]
[WhiteFideId "14100371"]
[BlackFideId "1126415"]
[EventDate "2018.03.29"]

1. e4 e6 2. d4 d5 3. Nd2 h6 4. c3 c5 5. Ngf3 Nf6 6. e5 Nfd7 7. Bd3 Nc6 8. O-O g5
9. h3 h5 10. c4 Rg8 11. cxd5 exd5 12. Nh2 g4 13. hxg4 hxg4 14. Nxg4 Nxd4 15. Nb3
Nxb3 16. axb3 Qh4 17. Bf5 Be7 18. g3 Qh8 19. Qxd5 Qh5 20. e6 Nf8 21. exf7+ Qxf7
22. Qxf7+ Kxf7 23. Nh6+ 1-0

[Event "GRENKE Chess Open 2018"]
[Site "Karlsruhe GER"]
[Date "2018.03.31"]
[Round "4.10"]
[White "Carlstedt, Jonathan"]
[Black "Buhmann, Rainer"]
[Result "1/2-1/2"]
[WhiteTitle "IM"]
[BlackTitle "GM"]
[WhiteElo "2432"]
[BlackElo "2588"]
[WhiteFideId "24614386"]
[BlackFideId "4651340"]
[EventDate "2018.03.29"]

1. d4 d5 2. Bf4 c5 3. e3 Nc6 4. c3 Nf6 5. Nd2 Bf5 6. Qb3 Qd7 7. dxc5 e6 8. Ngf3
Bxc5 9. Bb5 Bd6 10. Qa4 O-O 11. Rd1 Bxf4 12. exf4 Qc7 13. O-O Nd7 14. g3 a6 15.
Be2 b5 16. Qa3 Qb6 17. Nh4 Bc2 18. Rc1 Bg6 19. Rfd1 Rfd8 20. Bf3 Nc5 21. Be2 Bd3
22. b4 Ne4 23. Nxe4 dxe4 24. Qb2 e5 25. f5 Ne7 26. Qd2 Bc4 27. Qc2 e3 28. Bxc4
bxc4 29. Qe4 exf2+ 30. Kf1 Qc6 31. Qxc6 Nxc6 1/2-1/2

[Event "GRENKE Chess Open 2018"]
[Site "Karlsruhe GER"]
[Date "2018.03.31"]
[Round "4.11"]
[White "Lagarde, Maxime"]
[Black "Nitin, S."]
[Result "1-0"]
[WhiteTitle "GM"]
[BlackTitle "IM"]
[WhiteElo "2587"]
[BlackElo "2414"]
[WhiteFideId "662399"]
[BlackFideId "5018277"]
[EventDate "2018.03.29"]

1. Nf3 Nf6 2. g3 g6 3. b3 Bg7 4. Bb2 O-O 5. Bg2 a5 6. a4 d6 7. d4 e5 8. dxe5
Nfd7 9. Nc3 dxe5 10. Qd2 Na6 11. O-O Ndc5 12. Qe3 e4 13. Rad1 Qe8 14. Nd4 f5 15.
Ndb5 b6 16. Qc1 Bb7 17. f4 Qe7 18. e3 Nb4 19. Rf2 Rad8 20. Nd4 Rd7 21. Bf1 Rfd8
22. Bc4+ Kh8 23. Rfd2 h6 24. Ndb5 Kh7 25. Rxd7 Rxd7 26. Nd4 Ba6 27. Bb5 Rd6 28.
Nce2 Qd8 29. Rd2 Qe7 30. Ba3 Bb7 31. Bc4 Qd7 32. Qf1 Bd5 33. Nb5 Bxc4 34. Nxd6
cxd6 35. Bxb4 axb4 36. bxc4 Qxa4 37. Nd4 Qa3 38. Qe2 Na4 39. Ne6 Nc3 40. Qe1 Qa2
41. Rxd6 Qxc2 42. Rd7 b3 43. Rxg7+ Kh8 44. Qa1 Ne2+ 45. Kh1 1-0

[Event "GRENKE Chess Open 2018"]
[Site "Karlsruhe GER"]
[Date "2018.03.31"]
[Round "4.12"]
[White "Burri, Quentin"]
[Black "Sadzikowski, Daniel"]
[Result "0-1"]
[WhiteTitle "FM"]
[BlackTitle "GM"]
[WhiteElo "2410"]
[BlackElo "2583"]
[WhiteFideId "26028654"]
[BlackFideId "1132253"]
[EventDate "2018.03.29"]

1. e4 c6 2. d4 d5 3. e5 Bf5 4. h4 h5 5. Bd3 Bxd3 6. Qxd3 Qa5+ 7. Bd2 Qa6 8. e6
Qxd3 9. exf7+ Kxf7 10. cxd3 Nd7 11. Nf3 e6 12. O-O Be7 13. Re1 Nh6 14. Bxh6 gxh6
15. Nbd2 Rhg8 16. Nf1 Bd6 17. Re3 Rg6 18. Rae1 Rag8 19. g3 a5 20. Kh2 a4 21. a3
Ra8 22. R3e2 Ra6 23. Ne3 Rb6 24. Ng2 Rb3 25. Rd1 Rg4 26. Ne3 Rg8 27. Kh3 Bc7 28.
g4 hxg4+ 29. Nxg4 Bf4 30. h5 b6 31. Nh4 Rg5 32. Nxh6+ Ke7 33. N6f5+ Kf6 34. Ng3
Bxg3 35. fxg3 Rxh5 36. Rde1 e5 37. Re3 c5 38. g4 Rh7 39. Rf3+ Ke6 40. g5 c4 41.
g6 Rh8 42. g7 Rg8 43. dxc4 dxc4 44. Rxb3 axb3 45. d5+ Kf6 46. Re4 b5 47. a4 Nc5
48. Rg4 Rxg7 0-1

[Event "GRENKE Chess Open 2018"]
[Site "Karlsruhe GER"]
[Date "2018.03.31"]
[Round "4.13"]
[White "Heimann, Andreas"]
[Black "Zeller, Frank"]
[Result "1-0"]
[WhiteTitle "GM"]
[BlackTitle "IM"]
[WhiteElo "2574"]
[BlackElo "2383"]
[WhiteFideId "24624632"]
[BlackFideId "4613007"]
[EventDate "2018.03.29"]

1. Nf3 c5 2. c4 Nf6 3. Nc3 e6 4. g3 b6 5. Bg2 Bb7 6. O-O d6 7. d4 cxd4 8. Qxd4
a6 9. Bg5 Nbd7 10. Qd2 Qc7 11. Rfd1 Rd8 12. Bf4 Nc5 13. b4 Nce4 14. Nxe4 Nxe4
15. Qc2 Nf6 16. Qa4+ Bc6 17. b5 Bb7 18. bxa6+ Bc6 19. Qb4 e5 20. Bg5 d5 21. Qb2
Bc5 22. Qxe5+ Qe7 23. Bxf6 gxf6 24. Qxe7+ Kxe7 25. Nd4 Ba8 26. cxd5 Bxd5 27. Nb5
Bxg2 28. Rxd8 Rxd8 29. Kxg2 Ra8 30. a7 Kd7 31. Rd1+ Kc6 32. a4 Re8 33. e3 Ra8
34. Kf3 1-0

[Event "GRENKE Chess Open 2018"]
[Site "Karlsruhe GER"]
[Date "2018.03.31"]
[Round "4.14"]
[White "Santos Latasa, Jaime"]
[Black "Petkidis, Anthony"]
[Result "1/2-1/2"]
[WhiteTitle "IM"]
[WhiteElo "2549"]
[BlackElo "2314"]
[WhiteFideId "2293307"]
[BlackFideId "24673390"]
[EventDate "2018.03.29"]

1. c4 c5 2. Nf3 Nf6 3. Nc3 d5 4. cxd5 Nxd5 5. g3 Nc6 6. Bg2 Nc7 7. O-O e5 8. d3
Be7 9. Nd2 Bd7 10. Nc4 O-O 11. Bd2 b5 12. Ne3 Rc8 13. a4 a6 14. Ncd5 Nxd5 15.
Nxd5 Be6 16. axb5 axb5 17. e4 Bd6 18. Ra6 Nd4 19. Bc3 Ra8 20. Qa1 Ne2+ 21. Kh1
Bxd5 22. exd5 Nxc3 23. bxc3 b4 24. cxb4 cxb4 25. Rc1 Qb8 26. Qa4 Rxa6 27. Qxa6
b3 28. Bh3 Qb4 29. Kg2 b2 30. Rb1 Bc5 31. Qc4 Rb8 32. Rxb2 Qxb2 33. Qxc5 Qb6 34.
Qe7 Qf6 35. Qxf6 gxf6 36. d6 Rb4 37. d7 Rd4 38. Bf5 Kg7 39. Kf3 h6 40. Ke3 Kf8
41. Ke2 Ke7 42. Ke3 Rb4 1/2-1/2

[Event "GRENKE Chess Open 2018"]
[Site "Karlsruhe GER"]
[Date "2018.03.31"]
[Round "4.15"]
[White "Lerch, Patrice"]
[Black "Malakhatko, Vadim"]
[Result "1/2-1/2"]
[WhiteTitle "IM"]
[BlackTitle "GM"]
[WhiteElo "2407"]
[BlackElo "2536"]
[WhiteFideId "605867"]
[BlackFideId "14104202"]
[EventDate "2018.03.29"]

1. e4 e6 2. d4 d5 3. exd5 exd5 4. Bf4 Nf6 5. Nf3 Be7 6. Be2 O-O 7. O-O Nh5 8.
Be3 g6 9. Nbd2 c6 10. c3 Bd6 11. Ne5 Ng7 12. Nd3 Qc7 13. g3 Bh3 14. Re1 Nd7 15.
Bf4 Rae8 16. Qb3 b6 17. Qb4 Bxf4 18. Nxf4 Bf5 19. Bf1 Nf6 20. c4 g5 21. Ng2 dxc4
22. Nxc4 Nd5 23. Qd2 f6 24. Nce3 Be4 25. Nxd5 cxd5 26. Re3 Qd6 27. Rae1 Re6 28.
f3 Bg6 29. Kf2 Rfe8 30. Bb5 R8e7 31. Rc1 Be8 32. Rc8 Kf7 33. Bxe8+ Nxe8 34. Qc2
Kg7 35. Rc6 Qxc6 36. Qxc6 Rxc6 37. Rxe7+ Kf8 38. Rxh7 Rc2+ 39. Kf1 Rxb2 40. Rxa7
Rb1+ 41. Kf2 1/2-1/2

[Event "GRENKE Chess Open 2018"]
[Site "Karlsruhe GER"]
[Date "2018.03.31"]
[Round "4.16"]
[White "Engel, Luis"]
[Black "Valsecchi, Alessio"]
[Result "1/2-1/2"]
[BlackTitle "IM"]
[WhiteElo "2389"]
[BlackElo "2510"]
[WhiteFideId "12961523"]
[BlackFideId "818860"]
[EventDate "2018.03.29"]

1. e4 e6 2. d4 d5 3. Nd2 c5 4. exd5 exd5 5. Ngf3 Nf6 6. Bb5+ Bd7 7. Qe2+ Be7 8.
dxc5 O-O 9. O-O Re8 10. Nb3 a6 11. Bxd7 Nbxd7 12. Bg5 Bxc5 13. Qd3 Ba7 14. Rad1
Rc8 15. c3 h6 16. Bh4 Re4 17. Bg3 Qb6 18. Nfd4 Ne5 19. Qc2 Nc4 20. Nd2 Nxb2 21.
Nxe4 Nxe4 22. Rb1 Qxd4 23. Qxb2 Rxc3 24. Rbd1 Rd3 25. Qc2 Rxd1 26. Rxd1 Qc3 27.
Qxc3 Nxc3 28. Rd2 f6 29. Kf1 Kf7 30. Rc2 d4 31. Bd6 a5 32. Bc7 b6 33. Rb2 Nd5
34. Bg3 Ke6 35. Ke2 Nc3+ 36. Kd3 Kd5 37. f3 Na4 38. Re2 Nc5+ 39. Kd2 b5 40. Re7
Bb6 41. Rxg7 a4 42. Bc7 Bxc7 43. Rxc7 b4 44. h4 a3 45. Ra7 d3 46. Ra8 Kc4 47.
Rc8 Kd4 48. Rd8+ Kc4 49. Rc8 Kd4 50. Rd8+ Ke5 1/2-1/2

[Event "GRENKE Chess Open 2018"]
[Site "Karlsruhe GER"]
[Date "2018.03.31"]
[Round "4.17"]
[White "Bacrot, Etienne"]
[Black "Parvanyan, Ashot"]
[Result "1/2-1/2"]
[WhiteTitle "GM"]
[BlackTitle "FM"]
[WhiteElo "2718"]
[BlackElo "2379"]
[WhiteFideId "605506"]
[BlackFideId "13307550"]
[EventDate "2018.03.29"]

1. d4 Nf6 2. c4 g6 3. Nc3 Bg7 4. e4 d6 5. Nf3 O-O 6. Be2 e5 7. O-O Nc6 8. d5 Ne7
9. b4 a5 10. Ba3 axb4 11. Bxb4 b6 12. a4 Re8 13. Qd3 Nf5 14. a5 bxa5 15. Rxa5
Rb8 16. Nb5 Nd4 17. Nfxd4 exd4 18. f3 Nh5 19. g3 Bh3 20. Re1 f5 21. Bf1 Bxf1 22.
Kxf1 f4 23. g4 Nf6 24. Ra7 Nd7 25. Rxc7 1/2-1/2

[Event "GRENKE Chess Open 2018"]
[Site "Karlsruhe GER"]
[Date "2018.03.31"]
[Round "4.19"]
[White "Korobov, Anton"]
[Black "Sawlin, Leonid"]
[Result "1-0"]
[WhiteTitle "GM"]
[BlackTitle "FM"]
[WhiteElo "2664"]
[BlackElo "2359"]
[WhiteFideId "14105730"]
[BlackFideId "4689542"]
[EventDate "2018.03.29"]

1. d4 e6 2. Nf3 Nf6 3. Bg5 d5 4. e3 c6 5. Bd3 Nbd7 6. O-O Be7 7. Nbd2 O-O 8. c3
b6 9. a4 c5 10. Qb1 h6 11. Bf4 Nh5 12. Be5 Nxe5 13. Nxe5 Nf6 14. Nc6 Qc7 15.
Nxe7+ Qxe7 16. Nf3 Nd7 17. Re1 Bb7 18. Bb5 Nf6 19. Bd3 Nd7 20. a5 e5 21. e4 cxd4
22. a6 Bc6 23. cxd4 Rad8 24. exd5 Bxd5 25. Be4 Bxe4 26. Qxe4 Qb4 27. Nxe5 Nxe5
28. dxe5 Qxb2 29. Qb7 Qd4 30. Rac1 Rd7 31. Qc6 Rfd8 32. g3 Re7 33. e6 Rf8 34.
Rcd1 Qb2 35. f4 fxe6 36. Rxe6 Qa3 37. Rde1 Ref7 38. Qc4 Kh7 39. Kg2 Qa5 40. Qd3+
Qf5 41. Qxf5+ Rxf5 42. Re7 R8f7 43. Rb7 Rxb7 44. axb7 Rf8 45. f5 h5 46. Re7 Kh6
47. Rc7 Rb8 48. h4 a5 49. Rc8 1-0

[Event "GRENKE Chess Open 2018"]
[Site "Karlsruhe GER"]
[Date "2018.03.31"]
[Round "4.20"]
[White "Seyb, Alexander"]
[Black "Shirov, Alexei"]
[Result "1/2-1/2"]
[WhiteTitle "IM"]
[BlackTitle "GM"]
[WhiteElo "2395"]
[BlackElo "2651"]
[WhiteFideId "4699033"]
[BlackFideId "2209390"]
[EventDate "2018.03.29"]

1. e4 e6 2. d4 d5 3. Nc3 Bb4 4. e5 c5 5. a3 Bxc3+ 6. bxc3 Qa5 7. Bd2 Qa4 8. Qg4
Kf8 9. Qd1 Ne7 10. Qb1 cxd4 11. Bb5 Qa5 12. cxd4 Qb6 13. Ne2 Nbc6 14. Bd3 Qxb1+
15. Rxb1 f6 16. exf6 gxf6 17. c4 b6 18. cxd5 Nxd5 19. Nc3 Nxd4 20. Nxd5 exd5 21.
Bc3 Bf5 22. Kd2 Bxd3 23. Kxd3 Ne6 24. Bxf6 Rg8 25. g3 Kf7 26. Bd4 h5 27. f3 Rac8
28. Rhc1 Rc4 29. Rxc4 dxc4+ 30. Kc3 Rd8 31. Be5 Rd5 32. f4 b5 33. a4 a6 34. axb5
axb5 35. Kc2 Kg6 36. h3 Ng5 37. h4 Rxe5 38. fxg5 Kf5 39. Rf1+ Kg4 40. g6 Re6 41.
g7 Rg6 42. Rb1 b4 43. Rxb4 Kxg3 44. Rxc4 Rxg7 45. Kd2 Re7 46. Ra4 Re5 47. Rb4
Kf3 48. Ra4 Re2+ 49. Kd3 Rh2 50. Rb4 Ra2 51. Rb5 1/2-1/2

[Event "GRENKE Chess Open 2018"]
[Site "Karlsruhe GER"]
[Date "2018.03.31"]
[Round "4.21"]
[White "Tomczak, Mikolaj"]
[Black "Landa, Konstantin"]
[Result "1/2-1/2"]
[WhiteTitle "FM"]
[BlackTitle "GM"]
[WhiteElo "2394"]
[BlackElo "2613"]
[WhiteFideId "1175114"]
[BlackFideId "4101685"]
[EventDate "2018.03.29"]

1. d4 d5 2. c4 e6 3. Nc3 Nf6 4. cxd5 exd5 5. Bg5 c6 6. e3 Be7 7. Bd3 Nbd7 8. Nf3
Ne4 9. Bxe7 Qxe7 10. Bxe4 dxe4 11. Nd2 Nf6 12. Qc2 Bf5 13. O-O O-O 14. f4 Rad8
15. Rfe1 h5 16. Qa4 a6 17. Qa5 Nd5 18. Rac1 h4 19. Nb3 h3 20. g3 Bc8 21. Nxd5
Rxd5 22. Rc5 Rfd8 23. Rec1 Qe6 24. Rxd5 Rxd5 25. Nc5 Qg4 26. Qd2 Qg6 27. Qc2 f5
28. Kf2 Kh7 29. Qe2 Rd6 30. Na4 Be6 31. b3 Bd5 32. Ke1 Qf7 33. Rc3 b5 34. Nb2 a5
35. Rc5 a4 36. bxa4 bxa4 37. Nc4 Bxc4 38. Qxc4 Qh5 39. Qe2 Qf7 40. Kf2 a3 41. g4
fxg4 42. Kg3 Rh6 43. Qc2 Qe7 44. Rg5 Qb4 45. Qxe4+ Kh8 46. Qc2 Qb2 47. Qf2 Re6
48. Re5 Rd6 49. Qxb2 axb2 50. Re8+ Kh7 51. Rb8 Re6 52. Rxb2 Rxe3+ 53. Kxg4 Rd3
54. a4 Ra3 55. Rb4 Kg6 56. Rc4 Kf7 57. Rxc6 Rxa4 58. Rd6 Ra3 59. Rd7+ Kf6 60. d5
Rd3 61. d6 Rd4 62. Rd8 g5 63. Kxh3 gxf4 64. Kg4 Ke6 65. Re8+ Kd7 66. Rf8 Rxd6
67. Rxf4 Ke7 68. Kg5 Rd8 69. Kg6 Rg8+ 70. Kh7 Rg2 71. h4 Rg1 72. Rf5 Rh1 73. Rf4
Rg1 74. Kh6 Ke6 75. Rf3 Rg2 76. h5 Ke7 77. Rf4 Rg1 78. Kh7 Rg5 79. h6 Rg2 80.
Rf5 Rg3 81. Ra5 Kf7 82. Ra7+ Kf8 83. Rg7 Rf3 84. Rg5 Rf6 85. Rg8+ Kf7 86. Ra8
Rf1 87. Ra7+ Kf8 88. Ra6 Kf7 89. Rg6 Rf2 90. Rg7+ Kf8 91. Kg6 Rg2+ 92. Kf6 Rxg7 1/2-1/2

[Event "GRENKE Chess Open 2018"]
[Site "Karlsruhe GER"]
[Date "2018.03.31"]
[Round "4.22"]
[White "Lagunow, Raphael"]
[Black "Sumets, Andrey"]
[Result "1/2-1/2"]
[WhiteTitle "FM"]
[BlackTitle "GM"]
[WhiteElo "2368"]
[BlackElo "2590"]
[WhiteFideId "24652644"]
[BlackFideId "14105500"]
[EventDate "2018.03.29"]

1. e4 c6 2. d4 d5 3. e5 Bf5 4. Nd2 e6 5. Nb3 Nd7 6. Nf3 a6 7. Be3 Bg6 8. a4 Nh6
9. h3 Nf5 10. Bg5 Be7 11. Bxe7 Qxe7 12. Bd3 O-O 13. O-O Rac8 14. c3 Rc7 15. a5
Nh4 16. Nxh4 Qxh4 17. Bxg6 hxg6 18. Qg4 Qxg4 19. hxg4 c5 20. Nxc5 Nxc5 21. dxc5
Rxc5 22. Rfd1 Rfc8 23. Rd4 Rb5 24. Ra2 Rcc5 25. Rda4 g5 26. g3 f6 27. f4 Kf7 28.
Kf2 gxf4 29. gxf4 Rc8 30. Kg3 Rh8 31. Rd4 Rb3 32. exf6 gxf6 33. f5 Rh1 34. fxe6+
Kxe6 35. Rd2 Rg1+ 36. Kf3 Rf1+ 37. Kg3 Rg1+ 38. Kf3 Rb1 39. Re2+ Kd6 40. Kf4
Rf1+ 41. Ke3 Rd1 42. Rd2 Rxd2 43. Kxd2 Rb5 44. Kc2 d4 1/2-1/2

[Event "GRENKE Chess Open 2018"]
[Site "Karlsruhe GER"]
[Date "2018.03.31"]
[Round "4.23"]
[White "Moussard, Jules"]
[Black "Obolentseva, Alexandra"]
[Result "1-0"]
[WhiteTitle "GM"]
[BlackTitle "WIM"]
[WhiteElo "2576"]
[BlackElo "2350"]
[WhiteFideId "642908"]
[BlackFideId "24153648"]
[EventDate "2018.03.29"]

1. Nf3 Nf6 2. b3 d5 3. Bb2 g6 4. c4 Bg7 5. e3 O-O 6. cxd5 Qxd5 7. Bc4 Qd8 8. d4
b6 9. O-O Bb7 10. Qe2 Ne4 11. Rd1 a5 12. Na3 Na6 13. Rac1 Nb4 14. d5 Bxb2 15.
Qxb2 Nd6 16. Nb5 Nxc4 17. bxc4 Na6 18. h4 Nc5 19. Qe5 Rc8 20. h5 Qd7 21. Rd4 Qf5
22. hxg6 Qxg6 23. Nh4 Qf6 24. Qxf6 exf6 25. Nf5 Kh8 26. f3 Ba6 27. Kf2 Bxb5 28.
cxb5 Rce8 29. Rh1 Re5 30. Rh5 1-0

[Event "GRENKE Chess Open 2018"]
[Site "Karlsruhe GER"]
[Date "2018.03.31"]
[Round "4.24"]
[White "Lokander, Martin"]
[Black "Kunin, Vitaly"]
[Result "1-0"]
[WhiteTitle "FM"]
[BlackTitle "GM"]
[WhiteElo "2379"]
[BlackElo "2575"]
[WhiteFideId "1709569"]
[BlackFideId "4128737"]
[EventDate "2018.03.29"]

1. d4 d5 2. c4 dxc4 3. Nf3 Nf6 4. e3 Be6 5. Nc3 h6 6. Ne5 c6 7. Bxc4 Bxc4 8.
Nxc4 e6 9. O-O Nbd7 10. b3 Be7 11. Bb2 O-O 12. Qf3 Nd5 13. e4 Nxc3 14. Bxc3 Qc7
15. Rac1 Rae8 16. d5 exd5 17. exd5 cxd5 18. Ne3 Ne5 19. Qxd5 Ba3 20. Bb2 Qd6 21.
Qxd6 Bxd6 22. Rfd1 Rd8 23. Rxd6 Nf3+ 24. gxf3 Rxd6 25. Rc7 Rd2 26. Nc4 Rd1+ 27.
Kg2 b5 28. Ne5 Rd2 29. Ba3 Re8 30. Nxf7 Re6 31. f4 Rf6 32. Bc1 Rxa2 33. Ne5 a5
34. h4 a4 35. bxa4 Rxa4 36. h5 Kh7 37. Ng4 Rf5 38. Bb2 Kg8 39. Bxg7 Rfxf4 40.
Nf6+ Rxf6 41. Bxf6 Rf4 42. Rg7+ Kf8 43. Rg6 b4 44. Bg7+ Kf7 45. Bxh6 Rh4 46. Rb6
Rxh5 47. Bf4 1-0

[Event "GRENKE Chess Open 2018"]
[Site "Karlsruhe GER"]
[Date "2018.03.31"]
[Round "4.25"]
[White "Wenninger, Philipp"]
[Black "Heberla, Bartlomiej"]
[Result "0-1"]
[BlackTitle "GM"]
[WhiteElo "2364"]
[BlackElo "2570"]
[WhiteFideId "4648404"]
[BlackFideId "1115120"]
[EventDate "2018.03.29"]

1. d4 Nf6 2. Nf3 e6 3. g3 d5 4. c4 dxc4 5. Bg2 a6 6. Ne5 c5 7. O-O cxd4 8. Nd2
Ra7 9. a4 b6 10. Ndxc4 Bb7 11. Bxb7 Rxb7 12. b3 Bc5 13. Bb2 O-O 14. Qd3 Nfd7 15.
Nf3 Nc6 16. Nxd4 Bxd4 17. Bxd4 Nc5 18. Qf3 Nxd4 0-1

[Event "GRENKE Chess Open 2018"]
[Site "Karlsruhe GER"]
[Date "2018.03.31"]
[Round "4.26"]
[White "Fries-Nielsen, Jens Ove"]
[Black "Demuth, Adrien"]
[Result "1-0"]
[WhiteTitle "IM"]
[BlackTitle "GM"]
[WhiteElo "2359"]
[BlackElo "2551"]
[WhiteFideId "1400142"]
[BlackFideId "642274"]
[EventDate "2018.03.29"]

1. e4 e5 2. Ne2 d6 3. f4 Nc6 4. d4 Nf6 5. Nbc3 exd4 6. Nxd4 Nxe4 7. Nxe4 Qe7 8.
Bb5 Qxe4+ 9. Kf2 Bg4 10. Qxg4 Qxd4+ 11. Be3 Qxb2 12. Rab1 Qxc2+ 13. Be2 f5 14.
Qf3 O-O-O 15. Rhc1 Qe4 16. Qxe4 fxe4 17. Bg4+ Rd7 18. a4 a5 19. Rb5 Be7 20. Rcb1
b6 21. Bxb6 Rf8 22. Ba7 Bh4+ 23. g3 Kd8 24. Rb8+ Ke7 25. Rxf8 1-0

[Event "GRENKE Chess Open 2018"]
[Site "Karlsruhe GER"]
[Date "2018.03.31"]
[Round "4.27"]
[White "Schitco, Ivan"]
[Black "Antal, Gergely"]
[Result "0-1"]
[WhiteTitle "FM"]
[BlackTitle "GM"]
[WhiteElo "2353"]
[BlackElo "2540"]
[WhiteFideId "13905465"]
[BlackFideId "717312"]
[EventDate "2018.03.29"]

1. d4 d5 2. c4 dxc4 3. Nf3 a6 4. e3 Bg4 5. Bxc4 e6 6. O-O Nf6 7. h3 Bh5 8. Nc3
Nc6 9. Be2 Bd6 10. a3 O-O 11. b4 Qe8 12. Bb2 e5 13. b5 exd4 14. bxc6 dxc3 15.
Bxc3 Qxc6 16. Bxf6 gxf6 17. Nd4 Bxe2 18. Qxe2 Qe4 19. Rac1 Rfe8 20. Nf3 b5 21.
Rfd1 Rad8 22. Rd4 Qe6 23. Kh1 Kh8 24. Rc6 Qb3 25. Rd3 Qb1+ 26. Rd1 Qe4 27. Rxa6
Qb7 28. Raxd6 Rxd6 29. Rxd6 cxd6 30. Qb2 Kg7 31. Qd4 Qd7 32. Qf4 Rc8 33. Nd4 Rc5
34. e4 Re5 35. Nf5+ Rxf5 36. exf5 d5 37. Qg3+ Kf8 38. Qh4 Qxf5 39. Qb4+ Kg7 40.
Qxb5 Qe4 41. Qb4 d4 42. a4 Qf4 43. a5 Qxf2 44. a6 Qf1+ 45. Kh2 Qf4+ 46. Kh1 Qc1+
47. Kh2 Qc7+ 48. Kg1 Qc1+ 49. Kh2 Qf4+ 50. Kh1 Qe3 51. Qd6 d3 52. a7 Qxa7 53.
Qg3+ Kf8 54. Qxd3 Qa1+ 55. Kh2 Qe5+ 56. Kh1 Kg7 57. Qf3 f5 58. Qh5 h6 59. Qf3
Kg6 60. Qc6+ Qe6 61. Qf3 Qd6 62. Qe3 h5 63. Qf2 Qe5 64. Qb6+ Kg7 65. Qf2 Kh7 66.
Qa7 Kg8 67. Qf2 Kg7 68. Kg1 f4 69. Kh1 Qe3 70. Qh4 Kg6 71. Qd8 f3 72. Qg8+ Kf6
73. Qh8+ Ke7 74. gxf3 Qxf3+ 75. Kh2 Qf4+ 76. Kg2 h4 77. Qc3 Qe4+ 78. Kf2 Ke6 79.
Qc8+ Kf6 80. Qd8+ Kf5 81. Qd7+ Kg6 82. Qd6+ f6 83. Qa3 Kg5 84. Qc5+ Qf5+ 85.
Qxf5+ Kxf5 86. Kf3 Ke5 87. Kg4 f5+ 88. Kxh4 f4 0-1

[Event "GRENKE Chess Open 2018"]
[Site "Karlsruhe GER"]
[Date "2018.03.31"]
[Round "4.28"]
[White "Danin, Alexandre"]
[Black "Reuker, Jari"]
[Result "1-0"]
[WhiteTitle "GM"]
[WhiteElo "2540"]
[BlackElo "2343"]
[WhiteFideId "4144031"]
[BlackFideId "12909300"]
[EventDate "2018.03.29"]

1. e4 c5 2. Nf3 e6 3. d4 cxd4 4. Nxd4 Nc6 5. Nc3 Qc7 6. Be3 a6 7. Be2 Nf6 8. O-O
Bb4 9. Na4 Be7 10. Nxc6 bxc6 11. Nb6 Rb8 12. Nxc8 Qxc8 13. Bd4 c5 14. Be5 Rb6
15. Qd3 d6 16. Bc3 O-O 17. b3 Qc6 18. Bf3 Rc8 19. e5 Nd5 20. Ba5 Rb5 21. c4 Rxa5
22. cxd5 Qb5 23. Qe3 exd5 24. Bxd5 c4 25. bxc4 Qc5 26. e6 f5 27. Qe2 g6 28. Rab1
Ra4 29. Rb7 Rc7 30. Qb2 a5 31. Rb8+ Rc8 32. Qb7 Rxb8 33. Qxb8+ Kg7 34. Qe8 1-0

[Event "GRENKE Chess Open 2018"]
[Site "Karlsruhe GER"]
[Date "2018.03.31"]
[Round "4.30"]
[White "Kollars, Dmitrij"]
[Black "Rietze, Clemens"]
[Result "1-0"]
[WhiteTitle "GM"]
[BlackTitle "FM"]
[WhiteElo "2534"]
[BlackElo "2340"]
[WhiteFideId "12909572"]
[BlackFideId "24620351"]
[EventDate "2018.03.29"]

1. e4 c5 2. Nf3 e6 3. d4 cxd4 4. Nxd4 Nc6 5. Nc3 Qc7 6. Be3 a6 7. Qd2 Nf6 8. f4
b5 9. e5 Ng4 10. Bg1 Be7 11. Be2 Nh6 12. Nxc6 dxc6 13. Ne4 O-O 14. Bc5 Rd8 15.
Qc3 a5 16. Bxe7 Qxe7 17. O-O Qa7+ 18. Qc5 Nf5 19. Rfd1 Rd5 20. c4 bxc4 21. Bxc4
Ne3 22. Bxd5 exd5 23. Qxa7 Rxa7 24. Rd3 Nc2 25. Rc1 Nb4 26. Rd2 Bd7 27. a3 dxe4
28. axb4 axb4 29. Kf2 f5 30. Rc4 b3 31. Rd6 Kf7 32. Rb4 Be6 33. Rxc6 Rd7 34. Rd6
Rc7 35. Ke3 Ke7 36. Rbb6 Bf7 37. Rbc6 Ra7 38. g4 fxg4 39. f5 Be8 40. Ra6 Rc7 41.
Rdb6 Bf7 42. Kxe4 Rc4+ 43. Ke3 Rc7 44. Kf4 Bd5 45. Kxg4 Kf7 46. Rd6 Be4 47. Rd7+
Rxd7 48. e6+ Ke7 49. exd7 g6 50. Re6+ 1-0